LEADER 01006nam0-2200349-i-450- 001 990008866350403321 005 20090615162351.0 010 $a88-371-1040-2 035 $a000886635 035 $aFED01000886635 035 $a(Aleph)000886635FED01 035 $a000886635 100 $a20090615d1998----km-y0itay50------ba 101 0 $aita 102 $aIT 105 $aa---a---001yy 200 1 $aDescrivere la realtà: i metodi della statistica$fMaria Batini, Giovanni Olivieri 210 $aBologna$cPitagora$dc1998 215 $aVI, 218 p.$cill.$d24 cm 225 1 $a<>lente di ingrandimento$v3 610 0 $aStatistica$aMetodi 676 $a519.5$v21$zita 700 1$aBatini,$bMaria$0320878 701 1$aOlivieri,$bGiovanni$0136966 801 0$aIT$bUNINA$gRICA$2UNIMARC 901 $aBK 912 $a990008866350403321 952 $aCPDM-62-002$b248$fMA1 959 $aMA1 962 $a62-XX 996 $aDescrivere la realtà: i metodi della statistica$9803434 997 $aUNINA LEADER 00948nam2-22003011i-450 001 990004366770403321 005 20181129130647.0 010 $a88-8303-020-6 035 $a000436677 100 $a20020322d1999----km-y0itay50------ba 101 0 $aita 102 $aIT 105 $aa-------101yy 200 1 $a<<1.: >> Transiti letterari e culturali$fa cura di Giuseppe Sertoli e Goffredo Miglietta 210 $aTrieste$cEdizioni Università di Trieste$d1999 215 $aVIII, 499 p.$cill.$d24 cm 461 0$1001000436676$12001$aAnglistica e....$v1 610 0 $aLetteratura inglese$aFortuna$aSec. 17.-20.$aCongressi$a1996 676 $a820.9$v22 702 1$aMiglietta,$bGoffredo 702 1$aSertoli,$bGiuseppe 801 0$aIT$bUNINA$gRICA$2UNIMARC 901 $aBK 912 $a990004366770403321 952 $a820.9 SER 1(1)$bBibl.42200$fFLFBC 959 $aFLFBC 996 $aTransiti letterari e culturali$9541195 997 $aUNINA